<?xml version="1.0" encoding="UTF-8"?>
<collection xmlns:xsi="http://www.w3.org/2001/XMLSchema-instance" xsi:schemaLocation="http://www.loc.gov/MARC21/slim http://www.loc.gov/standards/marcxml/schema/MARC21slim.xsd" xmlns="http://www.loc.gov/MARC21/slim">
 <record>
  <leader>00000namaa22000004a 4500</leader>
  <controlfield tag="001">UP-99849408841399788</controlfield>
  <controlfield tag="003">Buklod</controlfield>
  <controlfield tag="005">20230714082929.0</controlfield>
  <controlfield tag="006">a    gr     ||| u </controlfield>
  <controlfield tag="007">ta</controlfield>
  <controlfield tag="008">230714s2021    ph a    rm    00| 0|engdd</controlfield>
  <datafield tag="040" ind1=" " ind2=" ">
   <subfield code="a">DEDUC</subfield>
   <subfield code="e">rda</subfield>
  </datafield>
  <datafield tag="041" ind1=" " ind2=" ">
   <subfield code="a">eng</subfield>
  </datafield>
  <datafield tag="042" ind1=" " ind2=" ">
   <subfield code="a">DMLUC</subfield>
  </datafield>
  <datafield tag="090" ind1=" " ind2=" ">
   <subfield code="a">LG 996 2021 E33</subfield>
   <subfield code="b">L56</subfield>
  </datafield>
  <datafield tag="100" ind1="1" ind2=" ">
   <subfield code="a">Lineses, Edwin Falcis</subfield>
   <subfield code="e">author</subfield>
  </datafield>
  <datafield tag="245" ind1="1" ind2="0">
   <subfield code="a">Micropolitics of appropriation</subfield>
   <subfield code="b">the virtual learning environment policy in a higher education institution</subfield>
   <subfield code="c">Edwin Falcis Lineses ; dissertation advisers, Eufracio C. Abaya, Clement C. Camposano, dissertation adviser ; dissertation reader, Patricia B. Arinto ; Joel C. Javiniar, Virgilio U. Manzano, members.</subfield>
  </datafield>
  <datafield tag="264" ind1=" " ind2="1">
   <subfield code="a">Quezon City</subfield>
   <subfield code="b">College of Education, University of the Philippines Diliman</subfield>
   <subfield code="c">2021</subfield>
  </datafield>
  <datafield tag="300" ind1=" " ind2=" ">
   <subfield code="a">xii, 228 leaves</subfield>
   <subfield code="b">illustrations (some color)</subfield>
   <subfield code="c">28 cm</subfield>
  </datafield>
  <datafield tag="336" ind1=" " ind2=" ">
   <subfield code="a">text</subfield>
   <subfield code="2">rdacontent</subfield>
  </datafield>
  <datafield tag="337" ind1=" " ind2=" ">
   <subfield code="a">unmediated</subfield>
   <subfield code="2">rdamedia</subfield>
  </datafield>
  <datafield tag="338" ind1=" " ind2=" ">
   <subfield code="a">volume</subfield>
   <subfield code="2">rdacarrier</subfield>
  </datafield>
  <datafield tag="502" ind1=" " ind2=" ">
   <subfield code="a">Dissertation</subfield>
   <subfield code="b">(Doctor of Philosophy in Education - Anthropology and Sociology/ of Education)</subfield>
   <subfield code="c">University of the Philippines Diliman</subfield>
   <subfield code="d">February 2021</subfield>
  </datafield>
  <datafield tag="520" ind1="3" ind2=" ">
   <subfield code="a">This study examines the micropolitics of policy appropriation, i,e. the negotiations over the official intent, meaning, and use of virtual learning environment (VLE), among school administrators, teachers, and students, viewed in the context of a higher education institution's history and culture. At the same time, it analyzes the ways in which these negotiations are mediated by nonhuman actants (e.g. platform, internet, gadget, policy, and pandemic). The study deployed a variety of techniques of ethnographic investigation for a period of 10 months (August 2019 to May 2020). These included offline and online participants observation, lurking, documents review, and offline and online informal interviews. Observing  reflexive and ethical practices in the conduct of education research, the study sought prior informed consent from research participants and observed the principles of confidentiality and anonymity. In framing the micropolitics of appropriation, the study  followed certain leads from two theoretical orientation namely: the Anthropology of Policy (AoP) and the Actor-Network Theory (ANT). The AoP enabled the analysis of the various ways the purveyors of authorized VLE policy supported, controlled, and regulated the use of VLE in learning and instruction. At the same time, it facilitated and analysis of the narratives and practices reflecting the divergent ways the nonauthorized policy actors (teachers and students) interpret and respond to the policy in practices of conformity, ambivalence, token accommodation, and resistance. On the other hand, the ANT, drew attention to how the nonhuman actants afford and impose limits on the appropriations of the authorized and the nonauthorized policy actors. Falling under the rubric of educational ethnography, the study demonstrates the analytic value of AoP and ANT in understanding the nuances of policy appropriations generated by unequal power relations amongst the policymakers and the policy implementers. Such understanding leads to the formulation of a conceptual model that may be used in the analysis of educational change in higher education institutions with similar social and material realities. In practical terms, the study hopes that educational policy initiatives attend to contextually grounded structures and processes that shape and are shaped by materially policy appropriations on the ground.</subfield>
  </datafield>
  <datafield tag="650" ind1=" " ind2="0">
   <subfield code="a">Internet in higher education</subfield>
   <subfield code="z">Philippines</subfield>
   <subfield code="z">Manila Metropolitan Area.</subfield>
  </datafield>
  <datafield tag="650" ind1=" " ind2="0">
   <subfield code="a">Distance education</subfield>
   <subfield code="x">Computer-assisted instruction .</subfield>
  </datafield>
  <datafield tag="650" ind1=" " ind2="0">
   <subfield code="a">Educational technology</subfield>
   <subfield code="x">Study and teaching (Higher)</subfield>
   <subfield code="z">Philippines</subfield>
   <subfield code="z">Manila Metropolitan Area.</subfield>
  </datafield>
  <datafield tag="650" ind1=" " ind2="0">
   <subfield code="a">Education, Higher</subfield>
   <subfield code="x">Effect of technological innovations on.</subfield>
  </datafield>
  <datafield tag="700" ind1="1" ind2=" ">
   <subfield code="a">Abaya, Eufracio C.</subfield>
   <subfield code="e">dissertation adviser.</subfield>
  </datafield>
  <datafield tag="700" ind1="1" ind2=" ">
   <subfield code="a">Camposano, Clement C.</subfield>
   <subfield code="e">dissertation adviser.</subfield>
  </datafield>
  <datafield tag="700" ind1="1" ind2=" ">
   <subfield code="a">Arinto, Patricia B.</subfield>
   <subfield code="e">dissertation reader.</subfield>
  </datafield>
  <datafield tag="700" ind1="1" ind2=" ">
   <subfield code="a">Javiniar, Joel C.</subfield>
   <subfield code="e">member.</subfield>
  </datafield>
  <datafield tag="700" ind1="1" ind2=" ">
   <subfield code="a">Manzano, Virgilio U.</subfield>
   <subfield code="e">member.</subfield>
  </datafield>
  <datafield tag="905" ind1=" " ind2=" ">
   <subfield code="a">FI</subfield>
  </datafield>
  <datafield tag="905" ind1=" " ind2=" ">
   <subfield code="a">UP</subfield>
  </datafield>
  <datafield tag="852" ind1="0" ind2=" ">
   <subfield code="a">UPD</subfield>
   <subfield code="b">DEDUC</subfield>
   <subfield code="h">LG 996 2021 E33</subfield>
   <subfield code="i">L56</subfield>
  </datafield>
  <datafield tag="942" ind1=" " ind2=" ">
   <subfield code="a">Thesis</subfield>
  </datafield>
 </record>
</collection>
